| 000 | 00895nam a2200277 a 4500 | ||
|---|---|---|---|
| 003 | AR-BaBNM | ||
| 005 | 20251128210612.0 | ||
| 008 | 082120s2002 ||||||||||||||000 | spa|| | ||
| 020 | _a968-29-7520-4 | ||
| 040 | _cAR-BaBNM | ||
| 110 | 2 | _aPrograma Nacional de Actualización Permanente [México] | |
| 245 | 0 | 0 |
_aLa enseñanza de las matematicas en la escuela secundaria _bguía de estudio : primer nivel |
| 260 |
_aMéxico, D.F. _bSecretaría de Educación Pública _c1995 |
||
| 300 |
_a158 p. _bil., gráfs., tablas |
||
| 650 | 4 | _aPERFECCIONAMIENTO DEL DOCENTE | |
| 650 | 4 | _aCAPACITACION BASICA | |
| 650 | 4 | _aENSEÑANZA DE LAS MATEMATICAS | |
| 650 | 4 | _aMETODOS DE ENSEÑANZA | |
| 650 | 4 | _aACTIVIDADES DE APRENDIZAJE | |
| 650 | 4 | _aGUIAS DE ESTUDIOS | |
| 651 | 4 | _aMéxico | |
| 653 | _aEDUCACION SECUNDARIA | ||
| 653 | _aTERCER CICLO DE LA EGB | ||
| 942 | _cBK | ||
| 998 | _cRaquel | ||
| 999 |
_c16127 _d16127 |
||